000 00554nam a2200193Ia 4500
005 20250326141339.0
008 250326s9999 xx 000 0 und d
020 _a1-56720-249-7
037 _aTextbook
040 _aFMSL
_beng
_cFMSL
041 _aeng
_2eng
084 _aX:74(Y) P0
_qFMSL
100 _aWilson I
_9744244
245 0 _aNew rules of corporate conduct: rewriting the social charter
_cWilson I
260 _aLondon
_bLondon, Quorum Books
_c2000
300 _a213p
942 _cTB
_hX:74(Y) P0
999 _c1289884
_d1289884